A polgári radikalizmus filozófiai-világnézeti alapja I-II.
Elmentve itt :
| Szerző: | |
|---|---|
| Adatforrás: | Philobibl |
| Forrásdokumentuma: | Magyar Filozófiai Szemle 2 1958/1-2.3-4, 11-51.; 294-324. p. |
| Dokumentumtípus: | Cikk |
| Nyelv: | magyar |
| Kulcsszavak: | Jászi Oszkár |
| LEADER | 00373nab a2200109 c 4500 | ||
|---|---|---|---|
| 001 | bibDOK00006983 | ||
| 005 | 20200924120258.9 | ||
| 008 | 060518s1958 hu hun | ||
| 100 | 1 | |a Fukász György | |
| 245 | 1 | 2 | |a A polgári radikalizmus filozófiai-világnézeti alapja I-II. |c Fukász György |
| 695 | |a Jászi Oszkár | ||
| 773 | 0 | |t Magyar Filozófiai Szemle 2 |g 1958/1-2.3-4, 11-51.; 294-324. p. | |